000 00611nam a22001817a 4500
005 20251108164839.0
008 250721s1994 xx 000 0 ara d
082 1 4 _a616.742/بدو
100 1 _aالبدوي، سمير أحمد
245 1 0 _aالأمراض الروماتيزيمية :
_bكيف تتعامل معها /
264 1 _aالقاهره :
_bمركز الأهرام للترجمة و النشر،
_c1994.
300 _a160ص
490 0 _aإعرف صحتك ؛ 11
650 1 7 _aالروماتزم
650 1 7 _aأمراض القلب الروماتزمية
942 _2ddc
_cBK
999 _c15775
_d15775